000 011060000a22002050004500
020 _a84-330-1805-1,
_67.300
082 0 4 _aG 230 U762f
245 1 0 _aFundamentos de teología sistemática / Editado por Gabino Uríbarri
260 _aMadrid : Universidad Pontificia Comillas
300 _a281 p.
440 0 _aBiblioteca de Teología Comillas ; v.8
505 0 0 _aTeología fundamental: núcleo esencial y algunos puntos focales - Dios en Cristo, sólo amor, vida de nuestra vida. Núcleo constitutivo del tratado de Dios - La fe-fidelidad de Jesús, clave central de la Cristología - Eclesiología en devenir: el estudio de la iglesia en el ciclo institucional de la teología - El tratado de sacramentos: algunas opciones teológico-pedagógicas - VIRTUS FIDEI: la teología como gramática de la fe - Habitar en el "tiempo ecatólogico"
650 1 4 _aTEOLOGIA SISTEMATICA - FUNDAMENTOS \ TEOLOGIA DOGMATICA
700 1 _aUríbarri, Gabino; ed.
001 14971
942 _cBK
999 _c43787
_d43787
336 _atexto
_btxt
_2rdacontent
337 _2rdamedia
_asin mediación
_bn
338 _2rdacarrier
_avolumen
_bnc